BIBLIOTHÈQUE DE LA MAISON DU MEXIQUE

Logo 1 Logo 2

Cartas marruecas (notice nᵒ 11803)

détails MARC
000 -Sello discográfico
campo de control de longitud fija 00959nam a2200349 4500
005 - Identificación de versión
campo de control 20250925141615.0
035 ## - Otros números de control del sistema
Número de control del sistema 4024
099 ## - fechas locales
Tipo de ítem Koha LIBRO
100 ## - Datos de procesamiento general
Datos de procesamiento general 20040927d1950 m y1spay5003 ba
105 ## - Campo de datos codificados: Material textual, monográfico
Datos codificados de monografía y 001zy
200 1# - Título y mención de responsabilidad
Título propio Cartas marruecas
Designación general del material texto impreso
Primer mención de responsabilidad Cadalso
Declaración de responsabilidad subsiguiente prólogo, edición y notas Juan Tamayo y Rubio
210 ## - Publicación, distribución, etc.
Lugar de publicación, distribución, etc. Madrid
Nombre del editor, distribuidor, etc. Espasa - Calpe
Fecha de publicación, distribución, etc. 1950
215 ## - Descripción física
Designación de material específico y extensión del ítem XLVI + 232 p
Dimensiones 19 cm
318 ## - Nota de acción
Acción No se presta a domicilio
345 ## - Nota de información de adquisición
Fuente de adquisición/dirección de la suscripción [OBSOLETO] Donación
410 #1 - Series
Título Clásicos Castellanos
Número de volumen 112
606 ## - Término temático usado como materia
Elemento de entrada Cartas
Número Koha 18455
676 ## - Clasificación Decimal Dewey
Número R860 C614 v.112
700 ## - Nombre personal - Responsabilidad primaria
Elemento de entrada Cadalso
Parte del nombre distinta del elemento de entrada José
Fechas 1741-1782
Número Koha 18456
702 ## - Nombre personal - Responsabilidad secundaria
Elemento de entrada Tamayo y Rubio
Parte del nombre distinta del elemento de entrada Juan
Número Koha 18457
801 #0 - Fuente de origen
Agencia cm
900 ## -
-- 1/8130
900 ## -
-- 7100419896\270904
942 ## - ELEMENTOS DE ENTRADA SECUNDARIOS (KOHA)
Tipo de ítem Koha Livre

Pas d'exemplaire disponible.